| 000 | 00818nam a2200229Ia 4500 | ||
|---|---|---|---|
| 001 | 3159 | ||
| 003 | GE_BSU | ||
| 008 | 181216s||||||||xx |||||||||||||| ||und|| | ||
| 040 | _cGE_BSU | ||
| 080 | _a530(075.8) | ||
| 100 | _aГурьев,Л.Г. Кортнев.А.В. Куценко,А.Н. и др. | ||
| 245 | _aСборник задач по общему курсу физики. | ||
| 245 | _bУчеб. пособие для втузов. | ||
| 245 | _cПод. ред. А.Н.Куценко, Ю.В.Рублува. Ред. И.А.Иванов. | ||
| 250 | _aИзд 2-ое, доп. и испр. | ||
| 260 | _aМ. | ||
| 260 | _bВысш. школа. | ||
| 260 | _c1972. | ||
| 300 | _a432 стр. с илл. 20 см. | ||
| 653 | _aСборник задач по общему курсу физики. | ||
| 942 | _cBK | ||
| 999 |
_c37202 _d37202 |
||